Sitcoms by Episode Title Quiz Stats

 Plays Quiz Updated Dec 10, 2018

Support Sporcle.
Go Orange.
Score 0/31 Timer 10:00
0 Plays Today
Episode titles Series % Correct
Bar Wars
Diane's Allergy
Norm and Cliff's Excellent Adventure
Cheers
82.5%
The Soup Nazi
The Yada Yada
The English Patient
Seinfeld
79.2%
Best Man For The GOB
Motherboy XXX
Development Arrested
Arrested Development
77.9%
Joanie's Weird Boyfriend
Requiem For A Malph
Fonzie's Funeral
Happy Days
76.8%
Road To Rhode Island
8 Simple Rules For Buying My Teenage Daughter
The Courtship of Stewie's Father
Family Guy
75.4%
The One With Mrs Bing
The One Where The Monkey Gets Away
The One Where Dr Ramoray Dies
Friends
74.5%
Diversity Day
Dwight's Speech
Dunder Mifflin Infinity
The Office (US)
74.4%
Mr Hankey's Christmas Classics
The Return Of Chef
The New Terrance and Phillip Movie Trailer
South Park
68%
Selma's Choice
A Milhouse Divided
The Two Mrs. Nahasapeemapetilons
The Simpsons
65.2%
Four Women and A Funeral
Are We ****?
Escape From New York
Sex and The City
64.7%
Jan, The Only Child
Greg Gets Grounded
The Subject Was Noses
The Brady Bunch
63%
Marie's Meatballs
Robert Moves Back
Fun With Debra
Everybody Loves Raymond
52.4%
Hot Lips and Empty Arms
The General Flipped At Dawn
Goodbye, Farewell and Amen
M*A*S*H
52.2%
Ricky Has Labor Pains
Redecorating the Mertzes Apartment
Harpo Marx
I Love Lucy
48.9%
Becky's Choice
The Pied Piper Of Lanford
White Trash Christmas
Roseanne
47.9%
Cousin Maude's Visit
Sammy's Visit
Archie The Babysitter
All In The Family
47.4%
Episode titles Series % Correct
My First Kill
My Malpractice Decision
My Musical
Scrubs
46.2%
The Last Time I Saw Maris
Roz and the Schnoz
Dial M For Martin
Frasier
43.7%
The Cooper-Hofstadter Polarization
The Lizard-Spock Expansion
The Bath Item Gift Hypothesis
The Big Bang Theory
43.1%
One-Punch Banta
Louie and the Nice Girl
Latka's Cookies
Taxi
38.5%
Slutty Pumpkin
Slap Bet
The Stinsons
How I Met Your Mother
37.2%
Tracy Does Conan
MILF Island
Jack Gets In The Game
30 Rock
36.1%
The Spanish Inquisition
How To Recognize Different Parts of the Body
The All-England Summarize Proust Competition
Monty Python's Flying Circus
27.7%
The Hotel Inspectors
The Germans
Waldorf Salad
Fawlty Towers
23.6%
I Was Single for WJM
Chuckles Bites The Dust
Sue Ann Gets The Axe
The Mary Tyler Moore Show
20.4%
The Erotic Dreams of Mrs Slocombe
Calling All Customers
Up Captain Peacock
Are You Being Served?
14.6%
Up And Down The Dial
Carlson For President
Bailey's Big Break
WKRP In Cincinnati
14.1%
Open Government
Doing The Honors
The Ministerial Broadcast
Yes, Minister
9.7%
The Miracle Of Peckham
Rodney Come Home
The Jolly Boys' Outing
Only Fools And Horses
8.4%
Dog River Vice
An American In Saskatchewan
Bend It Like Brent
Corner Gas
7.1%
Corporal Punishment
General Hospital
Goodbyeee…
Blackadder Goes Fourth
6.6%

From the Vault

LOTR & Hobbit - Characters in Both

by Sergey7890

Turns out Middle-Earth is a pretty small world after all.
Remove Ads.
Support Sporcle.
Get the best of Sporcle when you Go Orange. This ad-free experience offers more features, more stats, and more fun while also helping to support Sporcle. Thank you for becoming a member.

Show Comments

Extras

Top Quizzes Today


Score Distribution

Your Account Isn't Verified!

In order to create a playlist on Sporcle, you need to verify the email address you used during registration. Go to your Sporcle Settings to finish the process.

Report this User

Report this user for behavior that violates our Community Guidelines.

Details: